00584nam a2200193Ia 450000500170000000800410001702000250005804000190008304100120010208200150011410000170012924500620014626000450020830000340025350400260028765000550031370000120036885000100038020220630115634.0131103s9999 xx 000 0 und d a817040418 5cRs. 350 aLoreto College aEnglish a304.6bPAT aPathak, K.B. aTechniques of demographic analysiscK.B.Pathak and F. Ram aBombay bHimalaya Publishing Housec1992 av,460 p.b ill., fig., tables aIncludes bibliography aFactors affecting social behaviour - Population -  aRam, F. aLCLIB